Mir buduščego v naučnoj fantastike /

Hlavní autor: Brandis, Jevgenij Pavlovič, 1916-1985
Další autoři: Dmitrevskij, Vladimir Ivanovič, 1908-1978
Jazyk: Ruština
Vydáno: Moskva : Znanije, 1965
Edice: Novoje v žizni, nauke, technike.
Fyzický popis: 45 s.
Knihy
Uloženo v:
LEADER 00856nam a22002292a 4500
001 001626162
003 CZ BrMZK
005 20180426090441.0
007 ta
008 180426s1965 ru er|||||||||||rus d
040 |a ABA001  |b cze  |d ABA001 
100 1 |a Brandis, Jevgenij Pavlovič,  |d 1916-1985  |7 jx20071122026  |4 aut 
245 1 0 |a Mir buduščego v naučnoj fantastike /  |c Jevgenij Pavlovič Brandis, Vladimir Ivanovič Dmitrevskij 
260 |a Moskva :  |b Znanije,  |c 1965 
300 |a 45 s. 
490 1 |a Novoje v žizni, nauke, technike. Serija 6. 1965 ;  |v No. 6 
700 1 |a Dmitrevskij, Vladimir Ivanovič,  |d 1908-1978  |7 jx20090811047  |4 aut 
830 0 |a Novoje v žizni, nauke, technike.  |n Serija 6 
910 |a BOA001  |b X-0536.618 
990 |a BK 
991 |b 201804 
996 7 |b 2618934508  |c X-0536.618  |l MZK  |r Sklad / do 24 hodin  |n 0  |w 001661934  |u 000010  |a 1  |e BOA001  |j MZK50  |s A